Letras do Teclado - Statistics

Estatísticas Gerais
  • Esse quiz foi jogado 652 vezes
  • A pontuação média é 20 de 26
Estatísticas das Respostas
Letra do Alfabeto Letra do Teclado % Correto
5ª Letra do Alfabeto E
94%
1ª Letra do Alfabeto A
90%
4ª Letra do Alfabeto D
85%
17ª Letra do Alfabeto Q
85%
9ª Letra do Alfabeto I
83%
3ª Letra do Alfabeto C
82%
18ª Letra do Alfabeto R
82%
6ª Letra do Alfabeto F
81%
10ª Letra do Alfabeto J
80%
8ª Letra do Alfabeto H
79%
15ª Letra do Alfabeto O
79%
20ª Letra do Alfabeto T
78%
23ª Letra do Alfabeto W
78%
7ª Letra do Alfabeto G
77%
19ª Letra do Alfabeto S
77%
21ª Letra do Alfabeto U
77%
16ª Letra do Alfabeto P
75%
2ª Letra do Alfabeto B
74%
12ª Letra do Alfabeto L
74%
11ª Letra do Alfabeto K
73%
25ª Letra do Alfabeto Y
69%
14ª Letra do Alfabeto N
66%
13ª Letra do Alfabeto M
63%
22ª Letra do Alfabeto V
60%
24ª Letra do Alfabeto X
57%
26ª Letra do Alfabeto Z
55%
Nenhum quiz correspondente encontrado
Distribuição das Pontuações
Porcentagem de Pessoas com Cada Pontuação
Percentil de Números Respondidos
Sua Pontuação Histórica
Você não jogou esse quiz